| 000 | 01265cam a2200337 a 4500 | ||
|---|---|---|---|
| 001 | 16539349 | ||
| 003 | OSt | ||
| 005 | 20140310182746.0 | ||
| 008 | 101116s2011 ne a 001 0 eng | ||
| 010 | _a 2010941149 | ||
| 020 | _a9780240521916 | ||
| 040 |
_aDLC _cDLC |
||
| 042 | _apcc | ||
| 050 | 0 | 0 |
_aTR 145 _b.L318 2011 |
| 100 | 1 |
_aLangford, Michael John, _d1933- |
|
| 245 | 1 | 0 |
_aLangford's advanced photography : _bthe guide for aspiring photograhers / _cMichael Langford, Efthimia Bilissi ; contributors, Ellizabeth Allen ... [et al.]. |
| 246 | 3 | 0 | _aAdvanced photography |
| 250 | _a8th ed. | ||
| 260 |
_aAmsterdam ; _aBoston : _bElsevier, Focal Press, _c2011. |
||
| 300 |
_a479 p. : _bill. (some col.) ; _c25 cm. |
||
| 500 | _aRev. ed. of: Advanced photography / Michael Langford. 2006. | ||
| 500 | _aIncludes index. | ||
| 521 | _aMA | ||
| 562 | _eFor circulation. 1 copy available in the collection | ||
| 650 | 0 | _aPhotography. | |
| 700 | 1 |
_aLangford, Michael John, _d1933- _tAdvanced photography. |
|
| 906 |
_a7 _bcbc _corigcop _d2 _eepcn _f20 _gy-gencatlg |
||
| 942 |
_2lcc _cBK _kFOR |
||
| 999 |
_c15647 _d15647 |
||